Longest Ruling Non-Monarchs in History - Statistics

General Stats
  • This quiz has been taken 58 times
  • The average score is 9 of 20
Answer Stats
Rule Country Leader % Correct
1959 ~ 2008 Cuba Fidel Castro
98%
1948 ~ 1994 North Korea Kim Il-sung
90%
1938 ~ 1975 Spain Francisco Franco
85%
1969 ~ 2011 Libya Muammar Gaddafi
79%
1943 ~ 1980 Yugoslavia Josip Broz Tito
75%
1980 ~ 2017 Zimbabwe Robert Mugabe
73%
1928 ~ 1975 China (Taiwan) Chiang Kai-shek
69%
1941 ~ 1985 Albania Enver Hoxha
50%
1932 ~ 1968 Portugal Antonio de Oliveira Salazar
44%
1981 ~ Iran Ali Khamenei
42%
1932 ~ 1948, 1951 ~ 1954, 1957 ~ 1973 Ireland Éamon de Valera
23%
1982 ~ Cameroon Paul Biya
23%
1967 ~ 2009 Gabon Omar Bongo
21%
1954 ~ 1989 Paraguay Alfredo Stroessner
17%
1979 ~ 2017 Angola Jose Eduardo dos Santos
15%
1979 ~ Equatorial Guinea Teodoro Obiang Nguema Mbasogo
15%
1954 ~ 1989 Bulgaria Todor Zhivkov
13%
1940 ~ 1984 Mongolia Yumjaagiin Tsedenbal
13%
1967 ~ 2005 Togo Gnassingbé Eyadéma
8%
1982 ~ 2016 Western Sahara Mohamed Abdelaziz
4%
No matching quizzes found
Score Distribution
Percent of People with Each Score
Percentile by Number Answered
Your Score History
You have not taken this quiz